Normal view
MARC view
- المشروعات الصغيرة-ادارة المشروعات-ادارة الاعمال
Entry Topical Term
001 - CONTROL NUMBER
- control field: 63206
003 - CONTROL NUMBER IDENTIFIER
- control field: JO-AjAnu
005 - DATE AND TIME OF LATEST TRANSACTION
- control field: 20230606084322.0
008 - FIXED-LENGTH DATA ELEMENTS
- fixed length control field: 230606|| aca||aabn | a|a d
040 ## - CATALOGING SOURCE
- Original cataloging agency: JO-AjAnu
- Transcribing agency: JO-AjAnu
150 ## - HEADING--TOPICAL TERM
- Topical term or geographic name entry element: المشروعات الصغيرة-ادارة المشروعات-ادارة الاعمال
670 ## - SOURCE DATA FOUND
- Source citation: Work cat.: (JO-AjAnu)32225: جامعة عجلون الوطنية/كلية ادارة الاعمال, author 63205, المؤتمر العلمي الدولي المحكم الرابع، المشروعات الصغيرة التنمية . التمكين . التحديات جامعة عجلون الوطنية / كلية ادارة الاعمال،ج1